Statistics for NCAA Basketball Coaches With The Most Wins

Click here to take the quiz!

General Stats

  • This quiz has been taken 28 times
  • The average score is 7 of 20

Answer Stats

WinsAnswer% Correct
1202Mike Krzyzewski
100%
879Dean Smith
75%
998Jim Boeheim
75%
902Bob Knight
71%
903Roy Williams
71%
763Bill Self
54%
768John Calipari
54%
876Adolph Rupp
50%
916Bob Huggins
50%
920Jim Calhoun
38%
781Lute Olson
21%
755Henry Iba
17%
779Lou Henson
17%
806Eddie Sutton
13%
786Lefty Driesell
13%
817Cliff Ellis
8%
816Rollie Massimino
8%
759Ed Diddle
4%
830Jim Phelan
4%
805Rick Byrd
0%

Score Distribution

Percentile by Number Answered

Percent of People with Each Score

Your Score History

You have not taken this quiz